Математика в экономике. Принцип акселерации; Прогрессивные технологии и экономика в машиностроении

Dades bibliogràfiques
Parent link:Прогрессивные технологии и экономика в машиностроении.— 2014.— [С. 535-537]
Autor principal: Нуришанова О. А.
Autor corporatiu: Национальный исследовательский Томский политехнический университет (ТПУ) Юргинский технологический институт (филиал) (ЮТИ) Кафедра естественного научного образования (ЕНО)
Altres autors: Тищенкова А. В. Анна Владимировна (научный руководитель)
Sumari:Заглавие с экрана
Idioma:rus
Publicat: 2014
Col·lecció:Прикладные задачи математики
Matèries:
Accés en línia:http://earchive.tpu.ru/handle/11683/73564
Format: MixedMaterials Electrònic Capítol de llibre
KOHA link:https://koha.lib.tpu.ru/cgi-bin/koha/opac-detail.pl?biblionumber=614837

MARC

LEADER 00000naa2a2200000 4500
001 614837
005 20231102023518.0
035 |a (RuTPU)RU\TPU\conf\13007 
035 |a RU\TPU\conf\13006 
090 |a 614837 
100 |a 20151014d2014 k y0rusy50 ca 
101 0 |a rus  |g rus 
102 |a RU 
105 |a y z 100zy 
135 |a drgn ---uucaa 
181 0 |a i  
182 0 |a b 
200 1 |a Математика в экономике. Принцип акселерации  |f О. А. Нуришанова  |g науч. рук. А. В. Тищенкова 
203 |a Текст  |c электронный 
215 |a 1 файл(277 Кб) 
225 1 |a Прикладные задачи математики 
230 |a Электронные текстовые данные (1 файл: 277 Кб) 
300 |a Заглавие с экрана 
320 |a [Библиогр.: с. 537 (4 назв.)] 
337 |a Adobe Reader 
463 1 |0 (RuTPU)RU\TPU\conf\11902  |t Прогрессивные технологии и экономика в машиностроении  |o сборник трудов V Всероссийской научно-практической конференции для студентов и учащейся молодежи, 3-5 апреля 2014 г. Юрга  |f Национальный исследовательский Томский политехнический университет (ТПУ), Юргинский технологический институт (ЮТИ) ; отв. ред. Д. А. Чинахов  |v [С. 535-537]  |d 2014 
610 1 |a электронный ресурс 
610 1 |a труды учёных ТПУ 
610 1 |a математика 
610 1 |a экономика 
610 1 |a акселерация 
700 1 |a Нуришанова  |b О. А. 
702 1 |a Тищенкова  |b А. В.  |c математик  |c старший преподаватель Юргинского технологического института (филиала) Томского политехнического университета  |f 1975-  |g Анна Владимировна  |2 stltpush  |4 727  |9 10840 
712 0 2 |a Национальный исследовательский Томский политехнический университет (ТПУ)  |b Юргинский технологический институт (филиал) (ЮТИ)  |b Кафедра естественного научного образования (ЕНО)  |h 7134  |2 stltpush  |3 (RuTPU)RU\TPU\col\18894 
801 1 |a RU  |b 63413507  |c 20101016 
801 2 |a RU  |b 63413507  |c 20221102  |g RCR 
856 4 |u http://earchive.tpu.ru/handle/11683/73564 
942 |c BK